Questions I submitted but got rejected for daily challenge. :( - Statistics

General Stats
  • This quiz has been taken 8 times
    7 since last reset
  • The average score is 16 of 25
Answer Stats
Question Answer % Correct
What is NOT the name of a Kendrick Lamar album? Chromakopia
100%
What is the most populated city in the US? New York
100%
Who is the face of Gen-Alpha Brainrot? Skibidi Toilet
100%
Who is "The biggest out the city after Kenny, that's a fact now?" Tyler, The Creator
100%
What is the only year the Chicago Bears have won the Super Bowl? 1985
67%
What is the capital of Australia? Canberra
67%
What is Kali Uchis's first line in Tyler, the Creator's 'See You Again'? Can I get a kiss?
67%
What team is NFL QB Caleb Williams on? Chicago Bears
67%
What are the 2 animals on Australia's coat of arms? Emu & Kangaroo
67%
What TV Ad has the line, 'The Kinda Deals that make you Boogie!'? Grubhub
67%
Who released the song '7 Minute Drill', but then deleted off his album a few days later? J.Cole
67%
What is Eminem's Birthstate Missouri
67%
What is the name of the 2nd track on Tyler, The Creator's new album Chromakopia? Rah Tah Tah
67%
Who does NOT feature on the Tyler, The Creator song 'Sticky'? ScHoolboy Q
67%
Which one of these albums is a Kendrick Lamar Album? Section 80.
67%
Who was featured on 'All The Stars' By Kendrick Lamar? SZA
67%
What museum does the 'Mona Lisa' hang at? The Lourve
67%
Which song by Eminem is NOT a #1 billboard top 100 hit? The Real Slim Shady
67%
Which of the following rappers are NOT members of Migos? Tyga
67%
60x45? 2700
33%
What is the only NFL team to not have a QB throw for 30 TDs or 4,000 passing yards? Chicago Bears
33%
Which of the following is a type of cloud? Cirrostratus
33%
What was Eminem's debut album? Infinite
33%
Which of these countries can you find dingos? Malaysia
33%
What was the largest contiguous empire in history? The Mongol Empire
33%
No matching quizzes found
Score Distribution
Percent of People with Each Score
Percentile by Number Answered
Your Score History
You have not taken this quiz since the last reset